00370nam a22001337a 450000500170000000800410001704100130005808200130007110000130008424500350009726000480013230000300018065000260021020240725091842.0240725b |||||||| |||| 00| 0 eng d aEnglish  a349 SOU  lEnglish  aThe South African Law Reports  aCape Town : bJuta and Company Ltd, c1935  bvii, 370 pages; c25 cm.  aLegal practice bLaw